[Event "HUN-chT2 Toth 1617"]
[Site "Hungary"]
[Date "2017.02.26"]
[Round "9.6"]
[White "Keseru, Tibor"]
[Black "Palasti, Ferenc"]
[Result "0-1"]
[WhiteElo "1840"]
[BlackElo "1929"]
[PlyCount "86"]
[EventDate "2016.09.25"]
[EventType "team-tourn"]
[EventRounds "11"]
[EventCountry "HUN"]
[SourceTitle "EXT 2021"]
[Source "ChessBase"]
[SourceDate "2020.10.23"]
[SourceVersion "1"]
[SourceVersionDate "2020.10.23"]
[SourceQuality "1"]
[WhiteTeam "Nadudvar"]
[BlackTeam "Felegyhaza Csongrad"]
[WhiteTeamCountry "HUN"]
[BlackTeamCountry "HUN"]

1. e4 d5 2. d3 c6 3. Nc3 Qa5 4. Bd2 d4 5. Nce2 Qb6 6. Rb1 Bg4 7. Nf3 Bxf3 8. gxf3 e5 9. f4 Nd7 10. a3 Ngf6 11. Bh3 a5 12. Ng3 g6 13. Bxd7+ Nxd7 14. fxe5 Nxe5 15. f4 Nd7 16. 0-0 c5 17. Qf3 Qc6 18. Rfc1 Bh6 19. c3 Qf6 20. Rf1 0-0 21. Rbd1 Qb6 22. Qg4 Nf6 23. Qh4 Bg7 24. Rb1 c4 25. Kg2 cxd3 26. cxd4 Qxd4 27. Bc3 Qd6 28. Be5 Qe6 29. Rfd1 Rfd8 30. Rbc1 Ng4 31. Nf1 Nxe5 32. fxe5 Bxe5 33. Rb1 Rac8 34. Rd2 Rd4 35. Ne3 Bf6 36. Qf2 Rcd8 37. Rbd1 Bg5 38. h3 Qxe4+ 39. Qf3 Qxe3 40. Qxb7 Bf4 41. Rf2 Qg3+ 42. Kf1 Qxh3+ 43. Rg2 Be3 0-1

[Event "HUN-chT2 Toth 1213"]
[Site "Hungary"]
[Date "2013.03.03"]
[Round "8.3"]
[White "Mike, Peter"]
[Black "Palasti, Ferenc"]
[Result "1-0"]
[WhiteElo "2052"]
[BlackElo "1978"]
[PlyCount "39"]
[EventDate "2012.09.16"]
[EventType "team-tourn"]
[EventRounds "11"]
[EventCountry "HUN"]
[SourceTitle "EXT 2014"]
[Source "ChessBase"]
[SourceDate "2013.11.20"]
[SourceVersion "1"]
[SourceVersionDate "2013.11.20"]
[SourceQuality "1"]
[WhiteTeam "Maroczy II"]
[BlackTeam "Felegyhaza Csongrad"]
[WhiteTeamCountry "HUN"]
[BlackTeamCountry "HUN"]

1. e4 d5 2. exd5 Qxd5 3. Nc3 Qa5 4. d4 c6 5. Bc4 Bf5 6. Nf3 Nd7 7. 0-0 Ngf6 8. Re1 Nb6 9. Bb3 Nbd5 10. Nxd5 cxd5 11. c4 dxc4 12. Bxc4 Qb4 13. Ne5 e6 14. Bd2 Qd6 15. Qa4+ Nd7 16. Nxd7 Kd8 17. Ne5 g6 18. Bf4 Qe7 19. Qa5+ b6 20. Nc6+ 1-0

[Event "HUN-chT2 Toth 1213"]
[Site "Hungary"]
[Date "2013.02.17"]
[Round "7.4"]
[White "Palasti, Ferenc"]
[Black "Juhasz, Bela"]
[Result "0-1"]
[WhiteElo "1978"]
[BlackElo "2178"]
[PlyCount "72"]
[EventDate "2012.09.16"]
[EventType "team-tourn"]
[EventRounds "11"]
[EventCountry "HUN"]
[SourceTitle "EXT 2014"]
[Source "ChessBase"]
[SourceDate "2013.11.20"]
[SourceVersion "1"]
[SourceVersionDate "2013.11.20"]
[SourceQuality "1"]
[WhiteTeam "Felegyhaza Csongrad"]
[BlackTeam "Ujszasz"]
[WhiteTeamCountry "HUN"]
[BlackTeamCountry "HUN"]

1. Nf3 Nf6 2. c4 g6 3. d4 Bg7 4. Nc3 c5 5. d5 d6 6. e4 0-0 7. Bd3 e5 8. Bg5 h6 9. Bh4 a6 10. a4 g5 11. Nxg5 hxg5 12. Bxg5 Nbd7 13. a5 Qe8 14. h4 Nh7 15. Be3 Ndf6 16. Be2 Qd7 17. h5 Ng4 18. Bd2 Bh6 19. Na4 Bxd2+ 20. Qxd2 Rb8 21. f3 Ngf6 22. g4 Ne8 23. g5 f5 24. Nb6 Qe7 25. g6 Ng5 26. 0-0-0 fxe4 27. h6 Rf4 28. Rdg1 exf3 29. Bd3 Bg4 30. g7 Nxg7 31. hxg7 Qxg7 32. Rh7 Nxh7 33. Qf2 e4 34. Bf1 Rbf8 35. Rg3 Qd4 36. Qh2 Kh8 0-1

[Event "HUN-chT2 Toth 1112"]
[Site "Hungary"]
[Date "2012.01.29"]
[Round "5.3"]
[White "Palasti, Ferenc"]
[Black "Lorinczy, Laszlo"]
[Result "1-0"]
[WhiteElo "1982"]
[BlackElo "1950"]
[PlyCount "97"]
[EventDate "2011.09.25"]
[EventType "team-tourn"]
[EventRounds "11"]
[EventCountry "HUN"]
[SourceTitle "EXT 2013"]
[Source "ChessBase"]
[SourceDate "2012.11.22"]
[SourceVersion "1"]
[SourceVersionDate "2012.11.22"]
[SourceQuality "1"]
[WhiteTeam "KHTK"]
[BlackTeam "Abony"]
[WhiteTeamCountry "HUN"]
[BlackTeamCountry "HUN"]

1. Nf3 Nf6 2. c4 g6 3. Nc3 Bg7 4. d4 d6 5. e4 0-0 6. h3 Nbd7 7. Bd3 e5 8. d5 Nc5 9. Bc2 a5 10. Bg5 h6 11. Bh4 g5 12. Nxg5 hxg5 13. Bxg5 Qd7 14. g4 Nh7 15. Be3 b6 16. a4 Qe7 17. h4 Bd7 18. g5 f5 19. g6 Nf6 20. exf5 e4 21. h5 Bxf5 22. h6 Nd3+ 23. Bxd3 exd3 24. hxg7 Kxg7 25. Qd2 Rh8 26. 0-0-0 Rxh1 27. Rxh1 Rh8 28. Bh6+ Kg8 29. Qg5 Qe5 30. f3 d2+ 31. Kd1 Bc2+ 32. Kxc2 Qxg5 33. Bxg5 Rxh1 34. Bxf6 Rf1 35. Bd8 Rxf3 36. Bxc7 Kg7 37. Bxb6 Kxg6 38. Bxa5 Rf4 39. b3 Rf3 40. Kxd2 Kf5 41. Bc7 Ke5 42. a5 Rf2+ 43. Ke3 Rb2 44. c5 Rxb3 45. Bxd6+ Kf6 46. Kd4 Ra3 47. Bc7 Ke7 48. c6 Ra1 49. d6+ 1-0

[Event "Lakitelek Magyarok op"]
[Site "Lakitelek"]
[Date "2011.08.08"]
[Round "4"]
[White "Varadi, Laszlo"]
[Black "Palasti, Ferenc"]
[Result "1-0"]
[WhiteElo "2149"]
[BlackElo "1989"]
[PlyCount "93"]
[EventDate "2011.08.06"]
[EventType "swiss"]
[EventRounds "9"]
[EventCountry "HUN"]
[SourceTitle "CBM 144 Extra"]
[Source "ChessBase"]
[SourceDate "2011.10.28"]
[SourceVersion "1"]
[SourceVersionDate "2011.10.28"]
[SourceQuality "1"]

1. e4 e5 2. Nf3 Nc6 3. Bc4 h6 4. d4 exd4 5. Nxd4 Nxd4 6. Qxd4 Ne7 7. Be3 d6 8. Nc3 Nc6 9. Qd2 Be6 10. Nd5 a6 11. 0-0 Qd7 12. f4 Ne7 13. Rad1 Nxd5 14. Bxd5 Bxd5 15. Qxd5 Qb5 16. Qd4 Rg8 17. c4 Qc6 18. e5 Be7 19. exd6 Bxd6 20. Rfe1 f6 21. c5 Be7 22. Qc4 Rf8 23. Bf2 Rf7 24. Re6 Qb5 25. Qd4 Kf8 26. a4 Qb3 27. Rde1 Re8 28. Qe4 Kg8 29. c6 b6 30. Re2 Qd1+ 31. Re1 Qb3 32. Kh1 Qxb2 33. Bd4 Qb4 34. Qd3 f5 35. Bc3 Qa3 36. Qc4 Kf8 37. Bb4 Qb2 38. R6e2 Qf6 39. Qd5 a5 40. Ba3 g6 41. Qd7 g5 42. Qxc7 Bxa3 43. Rxe8+ Kg7 44. Qxb6 Bb4 45. R8e6 Re7 46. Rxe7+ Bxe7 47. Qb7 1-0

[Event "Lakitelek Magyarok op"]
[Site "Lakitelek"]
[Date "2011.08.07"]
[Round "2"]
[White "Szabo, Attila"]
[Black "Palasti, Ferenc"]
[Result "1/2-1/2"]
[WhiteElo "2283"]
[BlackElo "1989"]
[PlyCount "63"]
[EventDate "2011.08.06"]
[EventType "swiss"]
[EventRounds "9"]
[EventCountry "HUN"]
[SourceTitle "CBM 144 Extra"]
[Source "ChessBase"]
[SourceDate "2011.10.28"]
[SourceVersion "1"]
[SourceVersionDate "2011.10.28"]
[SourceQuality "1"]

1. Nf3 Nf6 2. c4 c6 3. b3 d5 4. Bb2 Bf5 5. g3 e6 6. Bg2 Nbd7 7. 0-0 Qb6 8. cxd5 exd5 9. d3 Be7 10. Nbd2 0-0 11. Qc2 Rac8 12. e4 Bg6 13. Nh4 dxe4 14. Nxg6 hxg6 15. dxe4 Qc5 16. Nc4 Qh5 17. h3 Bc5 18. Rad1 Nb6 19. Nd6 Bxd6 20. Rxd6 Rcd8 21. Rfd1 Rxd6 22. Rxd6 Nfd7 23. Qd2 Nc5 24. Qc3 f6 25. g4 Qe5 26. Qxe5 fxe5 27. Bxe5 Re8 28. Bd4 Nxe4 29. Rxg6 Re7 30. Rxg7+ Rxg7 31. Bxg7 Kxg7 32. Bxe4 1/2-1/2

[Event "HUN-chT2 Toth 0910"]
[Site "Hungary"]
[Date "2009.12.06"]
[Round "3.4"]
[White "Palasti, Ferenc"]
[Black "Egyed, Zsolt"]
[Result "0-1"]
[WhiteElo "2018"]
[BlackElo "2087"]
[PlyCount "94"]
[EventDate "2009.11.08"]
[EventType "team-tourn"]
[EventRounds "11"]
[EventCountry "HUN"]
[SourceTitle "EXT 2011"]
[Source "ChessBase"]
[SourceDate "2010.11.26"]
[SourceVersion "1"]
[SourceVersionDate "2010.11.26"]
[SourceQuality "1"]
[WhiteTeam "Szentes Spartacus"]
[BlackTeam "Karcag"]
[WhiteTeamCountry "HUN"]
[BlackTeamCountry "HUN"]

1. Nf3 Nf6 2. c4 g6 3. d4 Bg7 4. Nc3 0-0 5. Bg5 h6 6. Bh4 d6 7. h3 c6 8. Qc2 a6 9. e3 b5 10. a3 Qa5 11. b4 Qd8 12. Be2 Be6 13. c5 Nbd7 14. cxd6 exd6 15. 0-0 Nb6 16. Nd2 Qd7 17. Rac1 Rac8 18. Nce4 Nxe4 19. Qxe4 f5 20. Qb1 Nd5 21. Bf3 g5 22. Bxd5 Bxd5 23. Bg3 Rce8 24. Rfe1 f4 25. Bh2 Be6 26. exf4 gxf4 27. Nf3 Bd5 28. Rxe8 Qxe8 29. Re1 Qh5 30. Qd3 Bxf3 31. Qxf3 Qxf3 32. gxf3 Bxd4 33. Re6 Be5 34. Rxh6 Kg7 35. Rh4 Rf6 36. Kf1 Kf7 37. Ke2 Ke6 38. Kd3 Kd5 39. Rg4 c5 40. h4 c4+ 41. Kc2 Ke6 42. h5 Kf5 43. Rg8 d5 44. Rd8 d4 45. h6 d3+ 46. Kd2 Rxh6 47. Bg1 Rd6 0-1

[Event "HUN-chT2 Toth 0809"]
[Site "Hungary"]
[Date "2009.02.08"]
[Round "7.1"]
[White "Palasti, Ferenc"]
[Black "Arbutina, Sinisa"]
[Result "0-1"]
[WhiteElo "2025"]
[BlackElo "2259"]
[PlyCount "30"]
[EventDate "2008.10.26"]
[EventType "tourn"]
[EventRounds "11"]
[EventCountry "HUN"]
[SourceTitle "EXT 2010"]
[Source "ChessBase"]
[SourceDate "2010.11.25"]
[SourceVersion "1"]
[SourceVersionDate "2010.11.25"]
[SourceQuality "1"]
[WhiteTeam "Szentes"]
[BlackTeam "Roszke"]
[WhiteTeamCountry "HUN"]
[BlackTeamCountry "HUN"]

1. Nf3 d5 2. d4 Nf6 3. Bf4 Bf5 4. Nbd2 e6 5. Ne5 Nbd7 6. Ndf3 Be7 7. e3 0-0 8. Bd3 Bxd3 9. Qxd3 c5 10. 0-0 Rc8 11. c3 Qb6 12. Bg5 Bd6 13. h3 Rc7 14. Rab1 Ne4 15. Bh4 f5 0-1

[Event "HUN-chT2 Toth 0708"]
[Site "Hungary"]
[Date "2007.11.11"]
[Round "2"]
[White "Nemeth, Antal"]
[Black "Palasti, Ferenc"]
[Result "1-0"]
[WhiteElo "2219"]
[BlackElo "2088"]
[PlyCount "55"]
[EventDate "2007.10.14"]
[EventType "team-tourn"]
[EventRounds "11"]
[EventCountry "HUN"]
[SourceTitle "EXT 2009"]
[Source "ChessBase"]
[SourceDate "2008.11.26"]
[SourceVersion "1"]
[SourceVersionDate "2008.11.26"]
[SourceQuality "1"]
[WhiteTeam "Bajai"]
[BlackTeam "Szentes"]
[WhiteTeamCountry "HUN"]
[BlackTeamCountry "HUN"]

1. d4 d5 2. Nf3 Nf6 3. g3 g6 4. Bg2 Bg7 5. 0-0 0-0 6. c4 c6 7. cxd5 cxd5 8. Ne5 Nbd7 9. Nc3 Nxe5 10. dxe5 Ng4 11. Nxd5 Bxe5 12. Qb3 e6 13. Ne3 Nxe3 14. Bxe3 Qa5 15. Rac1 Bg7 16. Rc5 Qa6 17. Rb5 Rb8 18. Rd1 e5 19. Bd5 Be6 20. Bxe6 fxe6 21. Bc5 Rfe8 22. Rd7 b6 23. Bd6 Rbc8 24. Bxe5 Rc1+ 25. Kg2 Bh6 26. a4 Rc5 27. Rxc5 bxc5 28. Qb5 1-0

[Event "HUN-chT2 Toth 0607"]
[Site "Hungary"]
[Date "2007.04.15"]
[Round "8"]
[White "Polyak, Istvan2"]
[Black "Palasti, Ferenc"]
[Result "1-0"]
[WhiteElo "2173"]
[BlackElo "2088"]
[PlyCount "35"]
[EventDate "2006.11.12"]
[EventType "team-tourn"]
[EventRounds "11"]
[EventCountry "HUN"]
[SourceTitle "EXT 2025"]
[Source "ChessBase"]
[SourceDate "2024.10.14"]
[SourceVersion "1"]
[SourceVersionDate "2024.10.14"]
[SourceQuality "1"]
[WhiteTeam "Kecskemet Takisz"]
[BlackTeam "Szentes Spart"]
[WhiteTeamCountry "HUN"]
[BlackTeamCountry "HUN"]

1. d4 d5 2. c4 dxc4 3. Nc3 c6 4. e3 b5 5. a4 Qb6 6. axb5 cxb5 7. b3 Bb7 8. Nf3 b4 9. Na4 Qf6 10. Bxc4 e6 11. Bb5+ Kd8 12. Be2 Nd7 13. 0-0 Nh6 14. Qd3 a5 15. Qb5 Bd5 16. Nb6 Nxb6 17. Qxb6+ Ke7 18. Qc7+ 1-0

[Event "HUN-chT2 Toth 0607"]
[Site "Hungary"]
[Date "2006.12.17"]
[Round "4"]
[White "Petro, Jozsef"]
[Black "Palasti, Ferenc"]
[Result "1-0"]
[WhiteElo "2145"]
[BlackElo "2088"]
[PlyCount "69"]
[EventDate "2006.11.12"]
[EventType "team-tourn"]
[EventRounds "11"]
[EventCountry "HUN"]
[SourceTitle "EXT 2025"]
[Source "ChessBase"]
[SourceDate "2024.10.14"]
[SourceVersion "1"]
[SourceVersionDate "2024.10.14"]
[SourceQuality "1"]
[WhiteTeam "Bekes"]
[BlackTeam "Szentes Spart"]
[WhiteTeamCountry "HUN"]
[BlackTeamCountry "HUN"]

1. f4 c5 2. Nf3 Nc6 3. g3 d5 4. Bg2 g6 5. 0-0 Bg7 6. d3 Qb6 7. Nc3 Nf6 8. Ne5 e6 9. Nxc6 bxc6 10. Na4 Qa5 11. c4 Nd7 12. Bd2 Qc7 13. e4 Bb7 14. e5 Bf8 15. Qe1 d4 16. Ba5 Qc8 17. g4 Be7 18. Qg3 Bd8 19. Bd2 Qc7 20. Rae1 h5 21. f5 hxg4 22. fxe6 Bh4 23. exd7+ Qxd7 24. e6 fxe6 25. Qxg4 Bxe1 26. Qxg6+ Kd8 27. Qf6+ Qe7 28. Qxh8+ Kd7 29. Nxc5+ Kc7 30. Qe5+ Kc8 31. Bxe1 a5 32. Bg3 Kd8 33. Qh8+ Qe8 34. Rf8 Ke7 35. Qf6# 1-0

[Event "HUN-chT2 Toth 0506"]
[Site "Hungary"]
[Date "2006.04.09"]
[Round "10"]
[White "Konya, Laszlo"]
[Black "Palasti, Ferenc"]
[Result "1/2-1/2"]
[WhiteElo "2118"]
[BlackElo "2106"]
[PlyCount "96"]
[EventDate "2005.10.16"]
[EventType "team-tourn"]
[EventRounds "11"]
[EventCountry "HUN"]
[SourceTitle "EXT 2009"]
[Source "ChessBase"]
[SourceDate "2008.11.26"]
[SourceVersion "1"]
[SourceVersionDate "2008.11.26"]
[SourceQuality "1"]
[WhiteTeam "Karcag"]
[BlackTeam "Szentes"]
[WhiteTeamCountry "HUN"]
[BlackTeamCountry "HUN"]

1. d4 d5 2. Nf3 Nf6 3. c4 c6 4. Nc3 Bf5 5. e3 e6 6. Be2 Nbd7 7. 0-0 Bd6 8. g3 h6 9. Nh4 Bh3 10. Ng2 g5 11. f3 Qc7 12. Qe1 Nh5 13. f4 Ndf6 14. c5 Be7 15. Qd1 g4 16. b4 Ng7 17. Re1 Nf5 18. Bd3 h5 19. Qc2 Qd7 20. Rb1 Bxg2 21. Kxg2 h4 22. Bxf5 exf5 23. Bd2 Ne4 24. Nxe4 fxe4 25. Rh1 h3+ 26. Kf2 f5 27. a4 Kf7 28. Rb3 Rhc8 29. Qb2 b6 30. Rb1 Rc7 31. Rc1 Rac8 32. Qc2 Bd8 33. Rc3 Ke6 34. Qa2 Be7 35. R3c2 bxc5 36. dxc5 Bf6 37. Bc3 Qg7 38. Bxf6 Qxf6 39. b5 Ke7 40. b6 Rb7 41. a5 a6 42. Rd2 Rd8 43. Rd4 Qe6 44. Qe2 Ra8 45. Rcd1 Kd7 46. Qc4 Kc8 47. Qc3 Rd7 48. Qb3 Kb7 1/2-1/2

[Event "HUN-chT2 Toth 0506"]
[Site "Hungary"]
[Date "2005.12.04"]
[Round "5"]
[White "Palasti, Ferenc"]
[Black "Balla, Tamas Kristof"]
[Result "1/2-1/2"]
[WhiteElo "2106"]
[BlackElo "2348"]
[PlyCount "130"]
[EventDate "2005.10.16"]
[EventType "team-tourn"]
[EventRounds "11"]
[EventCountry "HUN"]
[SourceTitle "EXT 2009"]
[Source "ChessBase"]
[SourceDate "2008.11.26"]
[SourceVersion "1"]
[SourceVersionDate "2008.11.26"]
[SourceQuality "1"]
[WhiteTeam "Szentes"]
[BlackTeam "GyD"]
[WhiteTeamCountry "HUN"]
[BlackTeamCountry "HUN"]

1. Nf3 g6 2. c4 Bg7 3. d4 d6 4. e4 Nf6 5. Nc3 0-0 6. Bd3 Nbd7 7. 0-0 e5 8. d5 Nc5 9. Bc2 a5 10. Be3 b6 11. a3 Ng4 12. Bg5 f6 13. Bd2 f5 14. h3 Nf6 15. Bg5 h6 16. Bxf6 Qxf6 17. Qe2 f4 18. Nh2 g5 19. Kh1 Qg6 20. f3 Nd7 21. Nb5 Nf6 22. Nxc7 Nh5 23. Qf2 Ng3+ 24. Kg1 Rb8 25. Rfe1 h5 26. Nf1 g4 27. Nxg3 fxg3 28. Qxg3 h4 29. Qf2 gxf3 30. Ne6 Bxe6 31. dxe6 Qxe6 32. Re3 fxg2 33. Qxh4 Rf4 34. Qg5 Rbf8 35. Bd3 Kh7 36. Rg3 Bh6 37. Qh5 Qf6 38. Kxg2 Rg8 39. Rxg8 Kxg8 40. Rg1 Kh7 41. Kh2 Rh4 42. Qf5+ Qxf5 43. exf5 Rd4 44. Rd1 Kg7 45. Be2 Bd2 46. Kg2 Kf6 47. Bg4 e4 48. b3 e3 49. Kf3 Rd3 50. Rb1 Rc3 51. Ke4 e2 52. Bxe2 Re3+ 53. Kd5 Rxe2 54. Kxd6 Kxf5 55. b4 Re3 56. Rd1 Re6+ 57. Kd5 Bf4 58. c5 Re5+ 59. Kc4 bxc5 60. bxc5 Re3 61. a4 Ke6 62. Kb5 Bc7 63. Kc6 Be5 64. Kb5 Bc7 65. Kc6 Be5 1/2-1/2

[Event "Nyiregyhaza op"]
[Site "Nyiregyhaza"]
[Date "2005.07.17"]
[Round "9"]
[White "Nagy, Jozsef"]
[Black "Palasti, Ferenc"]
[Result "1-0"]
[WhiteElo "1974"]
[BlackElo "2106"]
[PlyCount "39"]
[EventDate "2005.07.09"]
[EventType "swiss"]
[EventRounds "9"]
[EventCountry "HUN"]
[SourceTitle "EXT 2008"]
[Source "ChessBase"]
[SourceDate "2007.11.25"]
[SourceVersion "1"]
[SourceVersionDate "2007.11.25"]
[SourceQuality "1"]

1. d4 d5 2. Nf3 Nf6 3. c4 dxc4 4. Qa4+ Nbd7 5. Qxc4 c5 6. dxc5 Qa5+ 7. Bd2 Qxc5 8. e3 e6 9. Nc3 Bd6 10. Rc1 Ne5 11. Qxc5 Nxf3+ 12. gxf3 Bxc5 13. Nb5 Bb6 14. Nd6+ Kd7 15. Nxf7 Rf8 16. Bb5+ Ke7 17. Ne5 Nd5 18. e4 Nc7 19. Bb4+ Kf6 20. Ng4+ 1-0